| 000 | 00338cam a2200133ua 4500 | ||
|---|---|---|---|
| 041 |
_aeng _h |
||
| 082 |
_a821 _bBRO/CO |
||
| 100 | _aBrooke , Rupert . | ||
| 245 |
_aCollected poems / _cRupert Brooke. _hTextual Documents |
||
| 260 |
_aLondon : _bSidgwick & Jackson Ltd , _c1966. |
||
| 300 | _a167 ; . | ||
| 942 | _cBK | ||
| 999 |
_c4453 _d4453 |
||